Miasta w woj.Lubelskim - Statystyki

Ogólne statystyki
  • Ten quiz został rozwiązany 67 razy
  • Średni wynik to 22 z 48
Statystyki odpowiedzi
Ludność Miasto % Poprawnych
339 682 Lublin
100%
63 813 Zamość
95%
62 670 Chełm
91%
47 774 Puławy
81%
57 352 Biała Podlaska
79%
34 539 Kraśnik
74%
18 778 Krasnystaw
70%
26 391 Biłgoraj
68%
11 940 Janów Lubelski
68%
21 995 Lubartów
67%
17 735 Hrubieszów
65%
39 312 Świdnik
65%
19 006 Łęczna
60%
19 198 Tomaszów Lubelski
60%
2 579 Kazimierz Dolny
58%
30 025 Łuków
58%
15 731 Radzyń Podlaski
58%
16 149 Dęblin
51%
3 768 Nałęczów
51%
8 470 Opole Lubelskie
51%
13 220 Włodawa
51%
9 667 Ryki
46%
10 650 Parczew
44%
3 194 Zwierzyniec
44%
3 315 Kock
39%
5 040 Szczebrzeszyn
39%
16 796 Międzyrzec Podlaski
37%
6 551 Bełżyce
35%
4 942 Bychawa
35%
2 492 Józefów
33%
3 094 Krasnobród
33%
9 195 Poniatowa
33%
5 557 Terespol
33%
2 070 Rejowiec
30%
2 556 Piaski
28%
1 437 Frampol
26%
2 092 Ostrów Lubelski
25%
4 417 Rejowiec Fabryczny
25%
2 536 Stoczek Łukowski
23%
923 Józefów nad Wisłą
21%
2 528 Annopol
19%
3 351 Tarnogród
18%
2 443 Lubycza Królewska
14%
2 132 Tyszowce
14%
1 460 Modliborzyce
12%
2 154 Łaszczów
11%
1 709 Urzędów
11%
1 412 Siedliszcze
9%
Nie znaleziono quizów pasujących do podanych kryteriów
Rozkład punktacji
Procent ludzi z każdym wynikiem
Percentyl według liczby udzielonych odpowiedzi
Twoja historia wyników
Nie rozwiązałeś tego quizu